[Event "Corus-B"]
[Site "Wijk aan Zee"]
[Date "2005.01.23"]
[Round "8"]
[White "Stellwagen, Daniel"]
[Black "Carlsen, Magnus"]
[Result "1/2-1/2"]
[WhiteElo "2524"]
[BlackElo "2553"]
[Annotator "Finkel,Alexander"]
[PlyCount "103"]
[EventDate "2005.01.15"]
[EventType "tourn"]
[EventRounds "13"]
[EventCountry "NED"]
[EventCategory "13"]
[SourceTitle "CBM 105"]
[Source "ChessBase"]
[SourceDate "2005.04.11"]
[SourceVersion "1"]
[SourceVersionDate "2005.04.11"]
[SourceQuality "1"]

1. e4 c5 2. Nf3 Nc6 3. Bb5 g6 4. O-O Bg7 5. Re1 e5 6. b4 $5 {Starting an action without any prelimenary preparations!} cxb4 {With this move black shows that he is not interested in accepting the pawn sacrifice.} (6... Nxb4 $5 7. Bb2 a6 (7... Nc6 8. Bxc6 dxc6 9. Nxe5 Qc7 10. Nc4 Bxb2 11. Nxb2 Be6 12. a4 O-O-O $132 {Qin Kanying-Pigusov,E/Shanghai 2000}) 8. a3 axb5 9. axb4 Rxa1 10. Bxa1 cxb4 11. Bxe5 Bxe5 12. Nxe5 Ne7 13. d3 O-O 14. Nd2 $14 {Okkes,M-Van Wely,L/Enschede 2003}) 7. a3 Nge7 8. axb4 O-O 9. Bxc6 $5 {Once the bishop is on b5 it's quite obvious that white won't hesitate to trade it for the knight!} (9. c3 d5 10. d3 Be6 11. Nbd2 a6 12. Ba4 h6 (12... b5 13. Bc2 d4 14. Bb2 dxc3 15. Bxc3 Nd4 16. Bxd4 exd4 17. Bb3 $14 {Gdanski,J-Pyda,Z/Zakopane 2000}) 13. Bb3 Qc7 14. exd5 Bxd5 15. Bb2 Rad8 $132 {Lutikov,A-Petersons,A/Kiev 1964/URS-ch}) (9. Bb2 d6 10. Bxc6 Nxc6 11. b5 Na5 12. d3 a6 13. Nc3 Bd7 14. Ba3 Bxb5 15. Nxb5 axb5 16. Qb1 Qd7 $13 {Brynell,S-Yakovich,Y/Stockholm 1999}) 9... bxc6 (9... Nxc6 10. Bb2 d6 11. b5 Na5 12. Bc3 b6 13. Bxa5 bxa5 14. c4 a6 15. Nc3 axb5 16. Nxb5 $14 {Jackova,J-Szabo,V/Mureck 1998}) (9... dxc6 10. Bb2 Bg4 11. h3 Bxf3 12. Qxf3 Qd6 13. Qb3 Rfe8 14. d3 Nc8 15. Nd2 Nb6 16. Ra5 $14 {Ashton,A-Byway,P/Birmingham 2002}) 10. Bb2 d6 11. d4 f6 12. Nbd2 {The opening phase is over and the plans of the sides are more or less clear: white is going to play on the queenside and in the center, while black will try his luck trying to launch an attack against white king.} (12. c4 Qb6 13. c5 dxc5 14. Qb3+ Kh8 15. dxc5 Qc7 16. Ra5 g5 17. Na3 Ng6 $132 {Mazara,A-Pazos,P/Cuba 1998}) 12... Be6 13. c4 $146 ({RR} 13. Bc3 Kh8 14. Qe2 Qc7 15. Ra5 g5 16. dxe5 fxe5 17. Nxg5 Bg8 18. Nf1 Ng6 19. g3 Qe7 20. Qh5 Bf6 21. h4 Be6 22. Nxe6 Qxe6 23. Ne3 Bd8 24. Raa1 Bb6 25. Re2 Rg8 26. Kh2 Raf8 27. Nf5 Ne7 {Sedina,E (2343)-Seps,M (2198) Porto Carras 2011 1-0 (65)}) 13... g5 ({An attempt to get rid of the weak pawn wouldn't solve black's problems:} 13... a5 14. bxa5 Rxa5 15. Rxa5 Qxa5 16. c5 Rd8 17. cxd6 Rxd6 18. d5 $14 {[%cal Gd2c4] and white keeps an edge.}) 14. Qc2 ({Deserved attention} 14. d5 $5 cxd5 15. cxd5 Bd7 16. Nc4 g4 17. Nfd2 $14 {[%cal Gd2f1,Gf1e3]}) 14... Ng6 15. Nf1 {White's desire to bring another piece to the kingside is understandable, but may be the knight should go in the opposite direction.} (15. Nb3 g4 16. Nfd2 f5 17. dxe5 Nxe5 18. Nd4 Qd7 19. Ra6 $14) 15... g4 16. N3d2 f5 {Black needs to open up the center to give the bishops some space.} 17. dxe5 (17. d5 cxd5 18. cxd5 Bd7 19. Ne3 f4 20. Nec4 f3 $132) 17... dxe5 (17... Nxe5 18. exf5 Bxf5 19. Qb3 Be6 20. Qg3 $14 {[%csl Re5][%cal Gc4c5]}) 18. exf5 Bxf5 19. Ne4 Nf4 20. Rad1 Qh4 21. Nfg3 Bg6 22. Rd7 (22. Qa4 $5) 22... Rad8 23. Rxg7+ $5 {Interesting attempt to break through, but may be it was more accurate to refrain from the sacrifice keping the pressure in the center.} (23. Qd2 Rxd7 24. Qxd7 Rd8 25. Qc7 $1 Nd3 26. Rd1 $16 {[%csl Ra7,Rc6,Rd3,Rd8,Re5]}) 23... Kxg7 24. Bxe5+ Kg8 25. Ba1 Ne6 26. c5 {[%cal Gc2c3,Ge4d6] It's very hard to believe that black will be able to hold this position, but the Norvegian wonder-child manages to pull the things together.} Rd5 $1 27. b5 Qe7 28. bxc6 $6 {Providing black a chance to get counterplay.} (28. Qa2 $142 $1 $16) 28... Rxc5 $1 29. Qa4 Bxe4 30. Qxe4 Qf7 $1 31. Qxg4+ Qg6 32. Qe2 (32. Qxg6+ hxg6 33. Rxe6 Rc1+ 34. Nf1 Rxa1 35. Rxg6+ Kf7 $15) 32... Rxc6 33. Qe5 Ng7 (33... Rc5 34. Qh8+ Kf7 35. Qb2 $13) 34. h4 Qf7 $2 {Missing 35.f5 which could've decided the game in white's favor.} (34... Re6 35. Qd5 Qf7 36. Ne4 h6 $1 $15 {[%csl Gg5]}) 35. Rf1 $2 (35. Nf5 Re6 36. Rc1 $1 (36. Qxe6 $5 Qxe6 37. Rxe6 Nxf5 38. g3 $18 {[%csl Ra7]})) 35... Re6 $2 (35... Re8) 36. Qd4 $2 {Blowing the second chance!} (36. Nf5 $1 Rxe5 37. Nh6+ Kh8 38. Nxf7+ Rxf7 39. Bxe5 $18) 36... Re7 37. h5 h6 (37... Qf4 $5 {[%cal Ge7f7,Gf4g4]}) 38. Qd6 Qe6 39. Qd4 Ref7 40. Qc3 Qg4 41. Qe5 Kh7 42. Qb5 Qxg3 $11 {Forcing a draw.} (42... Nf5 $5 43. Qd3 Re8 $15) 43. fxg3 Rxf1+ 44. Qxf1 Rxf1+ 45. Kxf1 Nxh5 46. g4 Nf4 47. Bc3 Nd5 48. Bd2 Kg6 49. Ke2 a6 50. Kd3 Nf6 51. Kc4 Nxg4 52. Bxh6 $1 {[%cal Gc4b4,Gb4a5]} 1/2-1/2

[Event "Corus-B"]
[Site "Wijk aan Zee"]
[Date "2005.01.25"]
[Round "9"]
[White "Carlsen, Magnus"]
[Black "Mamedyarov, Shakhriyar"]
[Result "1/2-1/2"]
[WhiteElo "2553"]
[BlackElo "2657"]
[Annotator "Huzman,Alexander"]
[PlyCount "99"]
[EventDate "2005.01.15"]
[EventType "tourn"]
[EventRounds "13"]
[EventCountry "NED"]
[EventCategory "13"]
[SourceTitle "CBM 105"]
[Source "ChessBase"]
[SourceDate "2005.04.11"]
[SourceVersion "1"]
[SourceVersionDate "2005.04.11"]
[SourceQuality "1"]

1. e4 {Huzman,Alexander} e5 2. Nf3 Nf6 3. Nxe5 d6 4. Nf3 Nxe4 5. d4 d5 6. Bd3 Bd6 7. O-O O-O 8. c4 c6 9. Re1 Re8 10. cxd5 cxd5 11. Nc3 Nxc3 12. Rxe8+ Qxe8 13. bxc3 b6 $146 {The favourite idea of Mamedyarov is to exchange the light-squared bishops! White tries to avoid this.} (13... Bg4 14. Rb1 (14. Be3 Qd7 (14... Qd8 15. Rb1 Nd7 16. h3 Bxf3 17. Qxf3 Nb6 18. a4 Rb8 19. a5 Na4 20. Bd2 Qxa5 21. Rb5 Qc7 22. Rxd5 $16 {1-0 Timofeev,A-Raetsky,A/Abu Dhabi UAE 2004/(26)}) 15. Rb1 Nc6 16. h3 Bh5 17. Ne5 Bxd1 18. Nxd7 Ba4 19. Nc5 Bxc5 20. dxc5 Nd8 21. f4 Rc8 22. Kf2 Bc6 (22... Rc7 23. g4 f6 24. c4 d4 25. Bxd4 Rd7 26. Ke3 Ne6 27. Bf5 Re7 28. Bxe6+ Rxe6+ 29. Kd3 Bc6 $11 {½-½ Yemelin,V-Solozhenkin,E/St Petersburg 2000/CBM 77 (51)}) 23. g4 f6 24. h4 Ne6 25. f5 Nf8 26. c4 Nd7 27. Be2 Ne5 28. cxd5 Bxd5 $11 {½-½ Grischuk,A-Tkachiev,V/Belfort FRA 2004/(34)}) (14. Bd2 Qd7 15. Rb1 b6 16. Rb5 a6 17. Rb1 Bc7 18. h3 {½-½ Morovic Fernandez,I-Pavasovic,D/Pinamar 2002/CBM 88 (18)}) 14... Qe7 15. h3 Bh5 16. Rb5 Qd7 17. c4 dxc4 18. Bxh7+ $16 {½-½ Topalov,V-Gelfand,B/Monaco 2002/CBM 87 ext (35)}) (13... Nc6 14. Qb3 (14. Rb1 b6 15. Bd2 Na5 $2 (15... h6 $5) 16. Ng5 $40 {1-0 Gruenfeld,Y-Huzman,A/Ramat Aviv ISR 2004/(23)}) 14... Qd7 15. g3 Bf8 16. Ba3 Bxa3 17. Qxa3 Qd8 18. Re1 Be6 19. Qc1 h6 $11 {1-0 Kasparov,G-Ehlvest,J/Moscow 2002/CBM 90 (61)}) (13... Nd7 14. Qb3 Nb6 15. Ba3 Bxa3 16. Qxa3 Be6 17. Re1 h6 18. Ne5 Qf8 19. Qb3 Rc8 20. Bb1 $36 {[%cal Gb3c2,Gb1h7] 1-0 Damaso,R-Fernandes,A/Maia 2003/EXT 2004 (42)}) ({RR} 13... Nc6 14. Qb3 Qd7 15. g3 Bf8 16. Ba3 Bxa3 17. Qxa3 Qd8 18. Re1 Be6 19. Qc1 h6 20. Nh4 Rc8 21. Qd2 Qa5 22. Nf5 Bxf5 23. Bxf5 Rd8 24. h4 Kf8 25. Kg2 Qc7 26. Bg4 Re8 27. Rb1 Ne7 28. Bf3 {Kasparov,G (2838)-Ehlvest,J (2588) Moscow 2002 1-0 (61)}) ({RR} 13... Nd7 14. Qb3 Nb6 15. Ba3 Bxa3 16. Qxa3 h6 17. Re1 Be6 18. h3 Qc8 19. Ne5 Nd7 20. Qc1 Nxe5 21. Rxe5 Qc6 22. Re3 Rc8 23. Bb1 Qb6 24. Qc2 g6 25. Rg3 Kf8 26. Qc1 Qxd4 27. Qxh6+ Qg7 28. Qe3 {Dominguez Perez,L (2748)-Paravyan,D (2610) chess.com INT 2024 1-0 (61)}) 14. Be3 $146 (14. Qb3 Be6 15. Ng5 (15. Ba3 Bxa3 16. Qxa3 Nc6 17. Qd6 Qd7 18. Qf4 h6 $11) ({RR} 15. a4 Nc6 16. Ba3 Na5) 15... Bf5 16. Bb5 Bd7 (16... Qe1+ 17. Bf1 $16) 17. Bf1 Bc6 18. Ba3 (18. Qc2 g6 19. Bd2 Qd7 20. Re1 Qc7 21. Nf3 Nd7 $11) 18... Bxa3 19. Qxa3 Nd7 20. Bd3 h6 21. Nf3 Qf8 $11) ({RR} 14. Qb3 Be6 15. Ba3 Bxa3 16. Qxa3 h6 17. Ne5 ({RR} 17. Re1 Nd7 18. Qd6 Nf8 19. Ne5 Qd8) 17... Nd7 18. Bb5 ({RR} 18. f4 Nxe5 ({RR} 18... Qf8 19. Qb2 Rc8 20. Re1) 19. fxe5 Qd8 20. Rf1 Qg5) 18... Qf8 19. Qxf8+ Nxf8 20. a4 Rc8 21. Ra3 Rc7 {½-½ (21) David,A (2573)-Mamedyarov,S (2657) Moscow 2005 CBM 106 [Huzman,Alexander]}) 14... Ba6 15. Ng5 h6 (15... Bxd3 16. Qxd3 g6 17. c4 Nc6 18. cxd5 Nb4 19. Qb3 $14) 16. Bh7+ $1 Kf8 (16... Kh8 17. Qh5 Nd7 (17... Nc6 18. Bf5 Kg8 19. Re1 Nd8 20. Nh7 $1 $40) 18. Bf5 Nf6 19. Nxf7+ Kg8 20. Nxh6+ gxh6 21. Qxh6 Qf7 22. Bg5 $18) 17. Nf3 (17. Nh3 Nd7 18. Bf4 Bxf4 19. Nxf4 Nf6 $11) 17... Nd7 18. Qc2 Qe7 (18... Nf6 19. Re1 Qc6 20. Ne5 Qc7 21. Bf4 Re8 22. Re3 $36) 19. Re1 Re8 20. Bf5 Nf6 21. Ne5 Qc7 (21... Bxe5 22. dxe5 Qxe5 23. Bc5+ bxc5 24. Rxe5 Rxe5 25. h3 $14) 22. Bf4 Bc8 23. Bd3 Re7 $11 {Black finished the piece development successfully and equalized the game. His last problem is to exchange the e5.} 24. h3 Nd7 25. Nxd7+ Bxd7 26. Rxe7 Kxe7 27. Qe2+ Be6 28. Bxd6+ Qxd6 29. Qb2 a5 $6 30. Be2 g5 31. Bf3 Kd8 32. Qb5 Kc7 33. Qa6 Kb8 (33... Qf4 $11) 34. Qb5 (34. c4 Bc8 35. Qb5 dxc4 36. Qxc4 f5 $132) 34... Ka7 35. Be2 Qc7 36. Qa6+ Kb8 37. Qb5 Qd6 38. Bf3 Ka7 39. Be2 Bd7 40. Qa6+ Kb8 41. Bf3 Qc6 42. c4 Bc8 43. Qb5 (43. cxd5 Qc1+ 44. Qf1 Qxf1+ 45. Kxf1 Kc7 $15) 43... Bb7 44. Qb1 Qxc4 45. Qxb6 a4 (45... Qc1+ $11) 46. Qd8+ Ka7 47. Qa5+ Kb8 48. Qd8+ Ka7 49. Qa5+ Kb8 50. Qd8+ 1/2-1/2

[Event "Corus-B"]
[Site "Wijk aan Zee"]
[Date "2005.01.26"]
[Round "10"]
[White "Cheparinov, Ivan"]
[Black "Carlsen, Magnus"]
[Result "0-1"]
[WhiteElo "2572"]
[BlackElo "2553"]
[Annotator "Rogozenco,Dorian"]
[PlyCount "74"]
[EventDate "2005.01.15"]
[EventType "tourn"]
[EventRounds "13"]
[EventCountry "NED"]
[EventCategory "13"]
[SourceTitle "CBM 105"]
[Source "ChessBase"]
[SourceDate "2005.04.11"]
[SourceVersion "1"]
[SourceVersionDate "2005.04.11"]
[SourceQuality "1"]

1. e4 c5 2. Nf3 Nc6 3. d4 cxd4 4. Nxd4 Nf6 5. Nc3 e5 6. Ndb5 d6 7. Bg5 a6 8. Na3 b5 9. Bxf6 gxf6 10. Nd5 Bg7 11. Bd3 Ne7 12. Nxe7 Qxe7 13. c4 f5 14. O-O O-O 15. cxb5 $6 (15. Qh5) (15. Qf3) 15... d5 16. exd5 ({RR} 16. f3 axb5 17. Nxb5 Rb8 18. a4 dxe4 19. fxe4 fxe4 20. Bxe4 f5 21. Bd5+ Kh8 22. Rc1 e4 23. Rc7 Qg5 24. Qc2 Ba6 25. Bc4 Rbd8 26. Qc1 Rd2 27. g3 Bxb5 28. Bxb5 Qe3+ 29. Kh1 Rfd8 {0-1 (29) Neustroev,V (2283)-Przybylski,B (2107) chess.com INT 2025}) 16... e4 17. Qe2 ({RR} 17. Bc2 Bxb2 18. Nc4 Bxa1 19. Qxa1 axb5 20. Ne3 f4 21. d6 Qg5 22. Bxe4 Ra4 23. Nd5 f6 24. Bf3 Be6 25. Rd1 Kg7 26. Nc7 Bd7 27. Re1 Qc5 28. Re7+ Kh8 29. Rxd7 Rc4 30. Bd1 Rc1 31. Rd8 Rxa1 {Adireddy,A (2335)-Mekhitarian,K (2562) chess.com INT 2024 0-1 (34)}) 17... Rb8 $146 ({Black achieves good play with} 17... Qb4 18. Bc4 Qxb2 19. Nc2 axb5 20. Rab1 Qf6 21. Rxb5 f4 $44) ({RR} 17... Qf6 18. Bc4 Qxb2 19. Nc2 axb5 20. Bb3 Bd7 21. Rab1 Qe5 22. f4 Qc3 23. Rfd1 Rfc8 24. Qe3 Qf6 25. Nd4 b4 26. Nc6 Bxc6 27. dxc6 Rxc6 28. Rd7 Rf8 29. Rbd1 Qc3 30. Qe2 Rc7 31. R7d5 Rc5 32. Rd7 {Olivier,J (2310)-Tirard,H (2240) Chambery 1994 ½-½ (34)}) ({RR} 17... Qb4 18. Bc4 Qxb2 19. Nc2 axb5 20. Rab1 Qc3 21. Rxb5 Ba6 22. Rb4 Rfc8 23. Bxa6 Qxc2 24. Qb5 Rd8 25. a4 Qd2 26. Bb7 Rab8 27. Rb3 f4 28. a5 Bd4 29. Rbb1 f3 30. gxf3 exf3 31. Kh1 Bxf2 32. Qb4 {Bosnjak,D (2259)-Dautovic,D Travnik 2007 1-0 (38)}) 18. Rab1 Rb6 $146 (18... Qe5 19. Bc4 axb5 20. Nxb5 Bd7 21. Rfd1 Rb6 22. Nc3 Re8 23. d6 Rxd6 24. Rxd6 Qxd6 25. Rd1 Qc7 26. Nd5 (26. Rxd7 Qxd7 27. Bb5 Qe6 28. Bxe8 Qxe8 29. Qd2 $16) 26... Qb7 27. b4 Be6 28. b5 Rd8 {0-1 Hennigan,R-Juergens,V/Aarhus 1990 (38)} 29. a4 Bxd5 (29... Rxd5 30. Bxd5 Bxd5 31. Qd2 Be6 32. Qd8+ Bf8 33. Qg5+ Kh8 34. Rd8 $18) 30. Qd2 $16) 19. Qe3 Rg6 20. Bc2 (20. bxa6 Qh4 21. a7 Bb7 22. Bc4 Bd4 (22... Be5 23. g3 Qh3 24. f4 Bc7 $44) 23. Qxd4 Rxg2+ $11) 20... Qh4 $44 21. b6 (21. f4 $2 exf3 22. Qxf3 (22. Rxf3 $4 Bd4 $19) 22... Be5 23. h3 Rg3 $40) 21... Kh8 $5 (21... Bd4 22. Qxd4 Rxg2+ 23. Kxg2 Qg4+ $11) 22. Nc4 Rg8 23. g3 Qh3 24. Rfd1 (24. Qd2 f4 $1 (24... Rh6 25. f3 f4 26. g4 $13) 25. Bxe4 (25. Qxf4 Rh6 $19) 25... Rh6 $19) 24... Rh6 25. Qf4 Bf6 (25... a5 $5 {[%cal Gc8a6]} 26. d6 Bf6 27. d7 Ba6 28. b3 Rh4 $13) 26. Ne5 $2 (26. b7 $1 Bxb7 27. Nd6 Qxh2+ 28. Kf1 Rg7 (28... Rh4 29. Qxf5) 29. Qxf5 (29. Nxf5 $5 Qh1+ 30. Ke2 Qh5+ 31. Ke1 Rg4 32. Qxh6 Qxf5 33. d6) 29... Bd8 30. Nxe4 $13) (26. Nd6 $2 Qxh2+ 27. Kf1 Rh4 $5 28. Nxf7+ Kg7 29. Qc7 Qh1+ 30. Ke2 Qf3+ 31. Kd2 Qxf2+ 32. Kc1 Qe3+ 33. Rd2 Rh2 34. Nd6+ Kh6 $19) 26... Bxe5 27. Qxe5+ f6 28. Qf4 Rg4 29. Qc7 Rg8 30. Re1 $2 (30. Qf4 Bd7 {[%cal Gd7b5]} ({Or} 30... Rh4 31. Qd6 Qxh2+ 32. Kf1 Qh1+ 33. Ke2 Qf3+ 34. Kd2 Qxf2+ 35. Kc3 Rh6 $17) 31. a4 Rh4 32. Qd6 Qxh2+ 33. Kf1 Qh1+ 34. Ke2 Qf3+ 35. Kd2 Qxf2+ 36. Kc3 Rhg4 $5 (36... Rc8+ 37. Kb4 Qxc2 38. Qxd7 $1 Rg4 $13 {/=} (38... Rc4+ $2 39. Ka3 $18)) 37. Qxf6+ R4g7 $17 {[%cal Gg8b8,Gg8c8]}) 30... Qxh2+ 31. Kf1 Qh1+ 32. Ke2 Qf3+ 33. Kd2 Qxf2+ 34. Kd1 f4 $19 35. Qc3 fxg3 36. Bxe4 Bg4+ 37. Kc1 Rc8 0-1

[Event "Corus-B"]
[Site "Wijk aan Zee"]
[Date "2005.01.28"]
[Round "11"]
[White "Carlsen, Magnus"]
[Black "Nikolic, Predrag"]
[Result "1-0"]
[WhiteElo "2553"]
[BlackElo "2676"]
[Annotator "Psakhis,Lev"]
[PlyCount "43"]
[EventDate "2005.01.15"]
[EventType "tourn"]
[EventRounds "13"]
[EventCountry "NED"]
[EventCategory "13"]
[SourceTitle "CBM 105"]
[Source "ChessBase"]
[SourceDate "2005.04.11"]
[SourceVersion "1"]
[SourceVersionDate "2005.04.11"]
[SourceQuality "1"]

1. e4 e6 2. d4 d5 3. Nd2 c5 4. exd5 exd5 5. Ngf3 c4 6. b3 cxb3 7. axb3 (7. Bb5+ Bd7 8. Qe2+ Qe7 9. Bxd7+ Nxd7 10. axb3 Nh6 (10... f6 11. Nf1 Qxe2+ 12. Kxe2 Bd6 13. Ne3 Ne7 14. Ba3 Bxa3 15. Rxa3 Kf7 16. Ne1 Nf8 17. Nd3 Ne6 18. c3 Rhd8 19. Kd2 Nc6 20. Rd1 Rac8 {½-½ Adams,M-Nikolic,P/BIH t-ch Neum 2002/}) 11. Ra5 Nb6 12. Nf1 Qxe2+ 13. Kxe2 Nf5 14. c4 f6 15. c5 Nc8 16. Ne3 Nxe3 17. fxe3 a6 18. Kd3 Na7 19. Bd2 g6 20. Ng1 Nb5 21. Ne2 Kd7 {½-½ Beliavsky,A-Nikolic,P/Belgrade INV 1991/ChessBase (40)}) 7... Bb4 8. Ne5 $5 (8. Bd3 Ne7 9. O-O Nbc6 10. Ba3 O-O 11. Qc1 Bxa3 12. Qxa3 Bf5 13. Bxf5 Nxf5 14. c3 a5 15. Rfe1 Qd6 16. Qa4 f6 17. Qb5 Qd7 18. Nf1 Rfd8 19. Qd3 Nd6 20. Ne3 Qf7 21. Nh4 Rac8 22. Re2 b5 {0-1 Nevostrujev,V-Andreev,A/RUS-sf Novosibirsk 2002/ (60)}) (8. Bb5+ Bd7 9. Qe2+ Qe7 (9... Ne7 10. O-O O-O 11. Ba3 Bxa3 12. Rxa3 Bxb5 13. Qxb5 Qc7 14. Re1 Qxc2 15. Qxb7 Nbc6 16. Raa1 Rab8 17. Qc7 Rfc8 18. Qf4 h6 19. h3 Ng6 20. Qg4 Nb4 21. Rxa7 Nd3 22. Rf1 Ndf4 {½-½ Korneev,O-Garcia Martinez,S/Mislata op 1999/ (49)}) 10. Ne5 Nf6 11. O-O O-O 12. Bd3 Nc6 {½-½ Sarakauskas,G-Alekseev,V/Pelaro op 2002/}) 8... Ne7 (8... Nf6 9. Bd3 O-O 10. O-O Bc3 11. Ra4 Bd7 12. Nxd7 Nbxd7 13. Nb1 Ba5 14. Bd2 Bc7 15. Nc3 Re8 16. Qf3 Nb6 17. Raa1 h6 18. Rae1 Qd6 19. g3 a6 20. Re3 Qc6 21. Rfe1 Bd6 22. Nd1 Rxe3 23. Nxe3 {Svidler,P-Kortchnoi,V/Groningen 1996/ 1-0 (39)}) 9. Bd3 $146 (9. c3 Bxc3 10. Qf3 Bxd2+ 11. Bxd2 O-O 12. Bd3 Nbc6 13. Ra4 Ng6 14. Nxc6 bxc6 15. O-O Bd7 16. Ra6 Qh4 17. Be3 Rfb8 18. Rb1 Rb6 19. Ra5 Bg4 20. Qg3 Qxg3 21. hxg3 Ne7 22. Rb2 f6 {½-½ Bondarets,V-Hryhorenko,N/Lvov-8 2003/}) 9... Nbc6 10. O-O {[%mdl 512] Showing a clear intention to sacrifice the pawn d4 if necessary.} (10. Bb2 $5) 10... Bc3 {[%cal Gc3a1,Gc3d4] This tempting move wins a pawn at the cost of development.} ({Worth considering} 10... O-O 11. Bb2 $14) 11. Ra4 $1 Bxd4 (11... Nxe5 $5 12. dxe5 Bd7 (12... Bxe5 13. Qh5 Bf6 14. Re1 $44 {[%csl Gh5][%cal Ge1e8]}) 13. Ra2 Nc6 14. Ba3 $14) 12. Nxc6 Nxc6 13. Ba3 $1 {[%csl Ga3,Re8][%cal Ga3f8]} Be6 14. Nf3 Bb6 $6 (14... Bf6 $142 15. Re1 Be7 16. Bxe7 Qxe7 17. Rh4 $44 {but it was lesser evil.}) 15. Qa1 $1 {[%cal Ra1g7] Immediately begins an offensive against Black's king.} Qc7 (15... f6 16. Re1 Kf7 17. Rf4 $40) 16. b4 $5 (16. Qxg7 O-O-O {[%cal Cd3h7,Gh8g8]} 17. Qf6 $36) 16... f6 $2 (16... O-O $5 17. b5 Ne7 18. Re1 $44) 17. Re1 Kf7 $5 (17... Nd8 18. b5 Kf7 19. Qd1 $40 {[%csl Rf7]} (19. Bb2 $5)) ({Good or bad, but Black had to play} 17... Ne5 $142 $5 {otherwise White will attack in a very comfortable situation.Continuation could be :} 18. Nxe5 fxe5 19. b5 $5 (19. Qxe5 Qxe5 20. Rxe5 Kd7 21. b5 $36) (19. Rxe5 O-O $1 20. Rxe6 $140 Bxf2+ 21. Kh1 Qd7 {[%cal Rd7a4,Rd7e6]}) 19... Qf7 (19... d4 20. f4) 20. Re2 (20. Rxe5 Bxf2+ 21. Kh1 O-O-O 22. Bb2 $36 {[%cal Gb2d4]}) 20... Qf6 21. Qxe5 Qxe5 22. Rxe5 {with clear advantage of white, but at least black king doesn't afraid of direct attack.}) 18. b5 Na5 $146 (18... Nd8 $5) ({RR} 18... Ne7 19. Bxe7 Qxe7 20. Rf4 Rhe8 21. Ng5+ Kg8 22. Rxe6 {1-0 (22) Rondon Chacon,R (2137)-Bermudez Hernandez,R (1761) Porlamar 2016}) 19. Qd1 $1 $18 {[%cal Rf3g5]} (19. Nd4 Bxd4 20. Qxd4 $40) 19... Rae8 (19... Nc4 20. Bf5 $1 Ne5 21. Bxe6+ Kxe6 22. Nxe5 fxe5 23. Qg4+ $18) (19... g6 20. Ng5+ $1 fxg5 21. Qf3+ Kg7 22. Rxe6 Rhf8 $5 (22... Rhe8 23. Qf6+ Kg8 24. Bxg6 $1 $18) 23. Bxf8+ Rxf8 24. Qxd5 Rxf2 25. Kh1 $18) 20. Ng5+ $1 {This heavy blow is a signal to the decisive assault.} fxg5 21. Qf3+ Kg8 22. Rxe6 {The rook is untouchable in view of the mating threat} 1-0

[Event "Corus-B"]
[Site "Wijk aan Zee"]
[Date "2005.01.29"]
[Round "12"]
[White "Smeets, Jan"]
[Black "Carlsen, Magnus"]
[Result "1-0"]
[WhiteElo "2475"]
[BlackElo "2553"]
[PlyCount "73"]
[EventDate "2005.01.15"]
[EventType "tourn"]
[EventRounds "13"]
[EventCountry "NED"]
[EventCategory "13"]
[SourceTitle "CBM 105"]
[Source "ChessBase"]
[SourceDate "2005.04.11"]
[SourceVersion "1"]
[SourceVersionDate "2005.04.11"]
[SourceQuality "1"]

1. e4 e5 2. Nf3 Nf6 3. Nxe5 d6 4. Nf3 Nxe4 5. Nc3 Nxc3 6. dxc3 Be7 7. Be3 O-O 8. Qd2 Nd7 9. O-O-O Nc5 10. Kb1 ({RR} 10. Nd4 Ne4 11. Qd3 Nc5 12. Qd2 Ne4 13. Qd3 Nc5 {½-½ (13) Baramidze,D (2543)-Huzman,A (2591) Dresden 2007}) 10... Bf6 ({RR} 10... a5 11. Bc4 Rb8 12. Rhe1 Be6 13. Bxe6 Nxe6 14. Qd5 b5 15. Nd4 Nxd4 16. Bxd4 Bf6 17. Qc6 b4 18. b3 Ra8 19. a4 bxa3 20. Ka2 Bxd4 21. Rxd4 Qf6 22. Qf3 Qg6 23. Qe4 Qf6 24. Qf4 Qg6 25. Qe4 {Bokros,A (2458)-Saraci,K (2253) Pristina 2022 ½-½}) 11. Nd4 $146 ({RR} 11. Bd3 Nxd3 12. Qxd3 Bg4 {½-½ (12) Kalezic,B (2445)-Blagojevic,D (2545) Cetinje 2009}) 11... Re8 12. f3 Bd7 13. g4 Qe7 14. Bf4 Ne6 15. Nf5 Qd8 16. Be3 Bc6 17. Bg2 Bg5 18. f4 Bxg2 19. Qxg2 Nxf4 20. Qxb7 Rb8 21. Qxa7 Ne2 22. Bxg5 Qxg5 23. Qxc7 Qxg4 24. Nxd6 Rf8 25. Rhe1 Qe6 26. Ka1 Ra8 27. a3 Qg4 28. Qc4 Qxc4 29. Nxc4 Rae8 30. Rd2 Nf4 31. Rxe8 Rxe8 32. b4 f5 33. a4 Ne2 34. Nd6 Re5 35. Rd3 f4 36. b5 Re3 37. b6 1-0